|
|
|
|
| LEADER |
01641nam a2200433 a 4500 |
| 001 |
EBC344978 |
| 003 |
MiAaPQ |
| 005 |
20200520144314.0 |
| 006 |
m o d | |
| 007 |
cr cn||||||||| |
| 008 |
061218s2007 enka sb 001 0 eng d |
| 010 |
|
|
|z 2006048883
|
| 020 |
|
|
|z 0230007813 (cloth)
|
| 020 |
|
|
|z 9780230007819 (hardback)
|
| 020 |
|
|
|z 9780230592285
|
| 035 |
|
|
|a (MiAaPQ)EBC344978
|
| 035 |
|
|
|a (Au-PeEL)EBL344978
|
| 035 |
|
|
|a (CaPaEBR)ebr10262317
|
| 035 |
|
|
|a (CaONFJC)MIL136061
|
| 035 |
|
|
|a (OCoLC)314776110
|
| 040 |
|
|
|a MiAaPQ
|c MiAaPQ
|d MiAaPQ
|
| 043 |
|
|
|a d------
|
| 050 |
|
4 |
|a HN18.3
|b .H33 2007
|
| 082 |
0 |
4 |
|a 320.609172/4
|2 22
|
| 100 |
1 |
|
|a Haan, Arjan de.
|
| 245 |
1 |
0 |
|a Reclaiming social policy
|h [electronic resource] :
|b globalization, social exclusion and new poverty reduction strategies /
|c Arjan de Haan.
|
| 260 |
|
|
|a Houndmills, Basingstoke, Hampshire ;
|a New York :
|b Palgrave Macmillan,
|c 2007.
|
| 300 |
|
|
|a xiii, 223 p. :
|b ill.
|
| 504 |
|
|
|a Includes bibliographical references and index.
|
| 533 |
|
|
|a Electronic reproduction. Ann Arbor, MI : ProQuest, 2015. Available via World Wide Web. Access may be limited to ProQuest affiliated libraries.
|
| 650 |
|
0 |
|a Social policy.
|
| 650 |
|
0 |
|a Globalization
|x Social aspects.
|
| 650 |
|
0 |
|a Marginality, Social.
|
| 650 |
|
0 |
|a Poverty
|x Government policy.
|
| 650 |
|
0 |
|a Structural adjustment (Economic policy)
|x Social aspects.
|
| 651 |
|
0 |
|a Developing countries
|x Social policy.
|
| 655 |
|
4 |
|a Electronic books.
|
| 710 |
2 |
|
|a ProQuest (Firm)
|
| 856 |
4 |
0 |
|u https://ebookcentral.proquest.com/lib/matrademy/detail.action?docID=344978
|z Click to View
|